000 00772cab a2200241 4500
001 ABS56791
008 090401t1997 xxu||||| |||| 00| 0 eng d
035 _a(Sirsi) u77496
041 _aeng
100 _aWoolich, R.
245 _aVAT option to tax: a happy ending?
260 _c1997
350 _a0
490 _aSolicitors` Journal
_v141(11) 21 March 1997, 264-265(2)
520 _aReviews the recent changes to the option to tax commercial property concentrating mainly on the changes announced in March 1997 and tabled at the Report stages of the Finance Bill.
650 _aPROPERTY-COMMERCIAL PROPERTY
650 _aFINANCE BILL
650 _aOPTION TO TAX
650 _aVALUE ADDED TAX
690 _aTAXATION
942 _n0
948 _c02/04/1997
999 _c48724
_d48724